000 01037nam a2200265Ia 4500
003 OSt
005 20220923211344.0
006 a|||||r|||| 00| 0
007 ta
008 220922b |||||||| |||| 00| 0 hin d
020 _a9788183900683 (hbk)
_c850
024 _a248,483
037 _b456, 11/03/2011, Vidyanidhi Prakashan
_cTextual
040 _aARTS
_cARTS
_bhin
041 _2hin
_ahin
082 _aQ223, 152Q0
100 _aफोगाट, सुमित्रा
245 0 _aमहाभारत एवं श्रीमद्भागवत पुराण में श्रीकृष्ण
246 _ahinābhārat evan shrīmadbhāgavat purāṇ mean shrīkṛuṣhṇa
260 _aनई दिल्ली
_b अभिषेक प्रकाशन
_c2010
300 _a403पृ.
_ccm.
650 _aधर्मशास्त्र
942 _hQ223, 152Q0
_cTEXL
_2CC
999 _c298735
_d298735